000 nam a22 7a 4500
999 _c144664
_d144662
005 20180926101219.0
008 180926b flu||||| |||| 00| 0 eng d
020 _a0849320291
050 0 4 _aQK725
_bP53 2000
245 0 0 _aPlant tissue culture concepts and laboratory exercises
_c/ edited by Robert N. Trigiano, Dennis J. Gray.
250 _a2a ed.
260 _aBoca Ratón, Fla. :
_bCRC Press,
_c2000.
300 _a454 p. :
_bil. ;
_c25 cm.
504 _aIncluye apéndice, bibliografía e índice.
650 7 _2lemb
_aCultivo de tejidos vegetales
_vEjercicios
700 1 _aTrigiano, Robert N.,
_eeditor
700 1 _aGray, Dennis J.,
_eeditora
942 _2lcc
_cLIB